LIBRARY & INFORMATION CENTRE, KCAET, TAVANUR

ONLINE PUBLIC ACCESS CATALOGUE (OPAC)

Glossary of terms relating to bituminous water proofing and damp proofing of buildings,IS:4911-1986 (Record no. 4597)

MARC details
000 -LEADER
fixed length control field 00921cam a2200145ua 4500
041 ## - LANGUAGE CODE
Language code of text/sound track or separate title eng
082 ## - DEWEY DECIMAL CLASSIFICATION NUMBER
Classification number 699.82
Item number BUR/GL
245 ## - TITLE STATEMENT
Title Glossary of terms relating to bituminous water proofing and damp proofing of buildings,IS:4911-1986
260 ## - PUBLICATION, DISTRIBUTION, ETC. (IMPRINT)
Place of publication :
Name of publisher Bureau of Indian standards ,
Year of publication 1987.
300 ## - PHYSICAL DESCRIPTION
Number of Pages 12 ; .
942 ## - ADDED ENTRY ELEMENTS (KOHA)
Koha item type Books
Holdings
Withdrawn status Lost status Damaged status Home library Current library Date acquired Full call number Accession Number Koha item type
      KAUAET   07/04/2012 699.82 17358 Books
free website counter